|
|
|
|
| LEADER |
00999pam a22002298a 4500 |
| 001 |
00000443 |
| 005 |
20171026081022.0 |
| 008 |
110321s1979 ||||||Viesd |
| 041 |
0 |
# |
|a Vie
|
| 082 |
1 |
# |
|a 355.359 7
|b CH305TR
|
| 100 |
0 |
# |
|a Văn Tiến Dũng
|
| 245 |
0 |
0 |
|a Chiến tranh nhân dân quốc phòng toàn dân
|c Văn Tiến Dũng
|n T.2
|p Mấy vấn đề về nghệ thuật quân sự Việt Nam trong sự nghiệp chống mỹ cứu nước
|
| 260 |
# |
# |
|a H.
|b Quân đội nhân dân
|c 1979
|
| 300 |
# |
# |
|a 553 tr.
|c 19 cm.
|
| 650 |
# |
7 |
|2 Quân sự
|
| 650 |
# |
7 |
|2 chiến tranh nhân dân
|
| 653 |
# |
# |
|a Quân đội nhân dân
|a Việt Nam
|a Nghệ thuật quân sự quốc phòng toàn dân
|
| 852 |
# |
# |
|b Kho mượn
|j KM.0012056
|
| 852 |
# |
# |
|b Kho đọc
|j KD.0000026
|
| 852 |
# |
# |
|j KD.0000026
|j KM.0012056
|
| 910 |
|
|
|d 21/03/2011
|
| 980 |
# |
# |
|a Trung tâm Học liệu Lê Vũ Hùng, Trường Đại học Đồng Tháp
|